Solvency II - komplikovaný a ťažkopádny proces
Zásadné zmeny v celkovej štruktúre predpisov upravujúcich Solvency II a vydávanie záväzných implementačných štandardov európskymi orgánmi dohľadu. Smernica 2009/138/ES (Solvency II). Postavenie Ministestva financií SR.
Gespeichert in:
| 1. Verfasser: | |
|---|---|
| Format: | Buchkapitel |
| Sprache: | Slowakisch |
| Schlagworte: | |
| Tags: |
Keine Tags, Fügen Sie das erste Tag hinzu!
|
MARC
| LEADER | 00000naa a2200000 4500 | ||
|---|---|---|---|
| 001 | 0146124 | ||
| 005 | 20221103134438.3 | ||
| 041 | 0 | |a slo | |
| 044 | |a SK | ||
| 245 | 1 | 0 | |a Solvency II - komplikovaný a ťažkopádny proces |c Dušan Katonák |
| 520 | |a Zásadné zmeny v celkovej štruktúre predpisov upravujúcich Solvency II a vydávanie záväzných implementačných štandardov európskymi orgánmi dohľadu. Smernica 2009/138/ES (Solvency II). Postavenie Ministestva financií SR. | ||
| 610 | 2 | 0 | |a Európska únia |
| 610 | 2 | 0 | |a Slovensko |
| 610 | 2 | 0 | |a Európska komisia |
| 610 | 2 | 0 | |a trh poistný |
| 610 | 2 | 0 | |a poisťovníctvo |
| 610 | 2 | 0 | |a poisťovne |
| 610 | 2 | 0 | |a dohľad nad finančným trhom |
| 610 | 2 | 0 | |a smernice |
| 610 | 2 | 0 | |a spolupráca medzinárodná |
| 100 | 1 | |a Katonák, Dušan | |